La verdadera Revolución mexicana : complemento de la primera etapa, 1911 a 1913 /

محفوظ في:
التفاصيل البيبلوغرافية
المؤلف الرئيسي: Taracena, Alfonso (autor)
التنسيق: كتاب
اللغة:الإسبانية
منشور في: México : Jus, 1965, c1965
الوسوم: إضافة وسم
لا توجد وسوم, كن أول من يضع وسما على هذه التسجيلة!

MARC

LEADER 00000nam^a2200000^a^4500
001 000564558
005 20250611000000.0
009 20260310132028.784
037 |a Acervo ITESO - Biblioteca 
041 |a ESP 
091 |a FGM. 02354 
100 |a Taracena, Alfonso  |e (autor) 
245 1 3 |a La verdadera Revolución mexicana :  |b complemento de la primera etapa, 1911 a 1913 / 
264 4 |a México :  |b Jus,  |c 1965, c1965 
300 |a 317 p. 
336 |a texto  |b txt  |2 rdacontenido 
337 |a sin mediación  |b n  |2 rdamedio 
338 |a volumen  |b nc  |2 rdasoporte 
649 |a XX 
910 |a Fondo Efraín González Morfín 
920 |a Impresos - Libros 
930 |a Fondos Especiales 
905 |a 130 
901 |a 0500394140  |b IT2  |c ESL  |i D88985  |u 20250521 
902 |a https://opac.biblio.iteso.mx/vufind/Record/000564558